000 00704nam a2200205Ia 4500
003 OSt
005 20250215113846.0
008 210210b1982 xxu||||| |||| 00| 0 eng d
040 _cAL
041 _aKannada
082 _aK894.8 RANP
100 _aRANGANATHANANDA.
_9141915
_dರಂಗನಾಥಾನಂದ
245 _aParivartanashila samajakke shasvata Maulyagalu: Samputa 1
_bಪರಿವರ್ತನಾಶೀಲ ಸಮಾಜಕ್ಕೆ ಶಾಶ್ವತ ಮೌಲ್ಯಗಳು : ಸಂಪುಟ ೧
260 _aBengaluru
_bPrasaranga Vishvavidyanilaya
_c1982
300 _axii,320
440 _a1
_9141916
690 _aKannada Miscellaneous
_9141917
906 _a042105
942 _2ddc
_cBK
999 _c91752
_d91752